000 00635nam a22002177a 4500
003 OSt
005 20210414105840.0
008 210309s1977 ||||| |||| 00| 0 eng d
040 _aeng
_beng
_cDLC
041 _aeng
080 _a821.111
_bM-44
100 _9953
_aMcBain, Ed
245 _aThe April Robin Murders
_c/ by: A Signet Book New American Library
260 _aNew York
_bA Signet Book New American Library
_c1977
300 _a200
_bill.
365 _b1.5 usd
650 0 _9247
_aEnglish literature
653 _aინგლისური ლიტერატურა
700 _91307
_aRice, Craig
942 _2udc
_cBK
999 _c2051
_d2051